[Event "15th Paderborner Schachtuerken-Cup 2018"]
[Site "Paderborn"]
[Date "2018.12.28"]
[Round "2"]
[White "Petiko, Nikolai"]
[Black "Gutman, Lev"]
[Result "0-1"]
[WhiteElo "2065"]
[BlackElo "2422"]
[Annotator "TA"]
[PlyCount "119"]
[EventDate "2018.12.27"]
[EventType "swiss"]
[EventCountry "GER"]
[SourceTitle "playchess.com"]
[Source "ChessBase"]
[SourceQuality "1"]

{[%evp 9,119,27,32,27,45,33,61,-29,15,-27,35,-47,-53,-49,-53,-59,-53,-35,-22,-44,-18,-12,-37,-105,-106,-129,0,0,0,-179,-54,-54,-27,-106,-90,-121,-44,-43,-16,-77,-84,-74,-84,-83,-83,-104,-110,-120,-118,-127,-126,-114,-122,-117,-122,-137,-112,-213,-160,-186,-191,-187,-183,-181,-169,-223,-192,-197,-184,-205,-232,-225,-208,-208,-208,-208,-205,-204,-202,-200,-200,-200,-168,-152,-150,-154,-154,-200,-200,-200,-199,-185,-164,-180,-32,-38,-44,-670,-625,-579,-184,-189,-214,-1031,-950,-1291,-1683,-2243,-3418,-5065,-5246,-29985]} 1. d4 Nf6 2. Nf3 g6 3. Nbd2 Bg7 4. e4 {[%cal Be2e4,Be4e5][%mdl 32]} O-O 5. c3 (5. Bd3 d6 6. O-O c5 7. c3 Qc7 8. h3 Nc6 9. d5 Ne5 10. Nxe5 dxe5 11. Re1 Ne8 12. a4 Nd6 13. Nc4 e6 14. Nxd6 Qxd6 15. Bc4 exd5 16. Bxd5 {½-½ (45) Grischuk,A (2767)-Mamedyarov,S (2809) Moscow 2018}) 5... a5 $146 ({Predecessor:} 5... d6 6. Bd3 e5 7. O-O Nc6 8. h3 Nh5 9. Nb3 h6 10. Re1 Re8 11. Bb5 exd4 12. cxd4 Bd7 13. Bc4 a5 14. g4 Nf6 15. e5 Nh7 16. Bf4 {0-1 (35) Rasmussen,A (2526)-Howell,D (2649) Devonport 2015}) 6. a4 {A48: 1 d4 Nf6 2 Nf3 g6: Torre, London and Colle Systems} d5 7. e5 Ng4 8. b4 ({White should play} 8. h3 $14 Nh6 9. Bb5) 8... f6 9. h3 Nh6 (9... Nxe5 $11 10. dxe5 axb4) 10. Nb3 (10. exf6 $14 exf6 11. b5) 10... fxe5 11. Nxe5 axb4 12. cxb4 Nf7 13. Nxf7 Rxf7 14. Be3 Nd7 15. a5 e5 {White must now prevent ...Qe7.} 16. Rc1 (16. Be2 $15) 16... Qe7 $36 {[%mdl 2048] Black is really pushing.} 17. Qd2 Nf6 (17... exd4 $17 18. Nxd4 c6) 18. dxe5 $11 Qxe5 {...Ne4 is the strong threat.} 19. Qd4 $2 (19. Bd3 $1 $11) 19... Ne4 ({Black should try} 19... Qe8 $19 20. Be2 Ng4) 20. Qxe5 $15 Bxe5 21. Nd4 (21. Be2 $1 $11) 21... Bd6 22. Nc2 Bd7 (22... Bf5 $17 {Hoping for ...Nc3.} 23. Bd3 Nxf2 $1 {[%mdl 512]} 24. Bxf5 Nxh1) 23. Bd3 Bf5 24. g4 {[#]} (24. O-O $11 {keeps the balance.}) 24... Nxf2 $1 $17 {[%mdl 512] [#]} 25. Bxf5 $1 {[%mdl 512]} (25. Kxf2 Bxd3+) 25... Nxh1 (25... gxf5 26. Kxf2) 26. Be6 c6 $1 27. Kd2 Ng3 28. Kd3 Kf8 29. Bh6+ Ke8 30. Bxf7+ Kxf7 31. Re1 Ne4 {aiming for ...g5.} 32. Rf1+ Ke7 33. Bg7 (33. Be3 $17 {keeps fighting.}) 33... Rg8 34. Bd4 {[#]} Rf8 $1 {[%cal Rf8f1]} 35. Rxf8 Kxf8 $19 {[%mdl 4096] Endgame KBN-KBN} 36. Be3 Ke7 37. Kd4 (37. Ke2 $142) 37... Ke6 38. Kd3 h5 39. b5 cxb5 40. Nd4+ Kd7 41. Nxb5 hxg4 42. hxg4 Be5 43. Bd4 Ke6 44. Be3 Nf6 45. g5 Ne4 46. Nd4+ Kd7 47. Nf3 {[#]} Bg3 $1 48. Kd4 Kd6 49. Kd3 Nc5+ 50. Kc3 Ne6 51. Kd3 Bf4 (51... Nd8 $19 {And now ...Nc6 would win.} 52. Nd4 Nc6) 52. Bxf4+ $15 Nxf4+ {KN-KN} 53. Ke3 $2 {[%mdl 8192]} (53. Kc3 $15) 53... Ne6 $19 54. Nh4 Kc5 $2 (54... Nxg5 55. Nxg6 Nf7) 55. Nxg6 Nxg5 56. Nf4 $2 (56. Ne5) 56... Kc4 {Black is clearly winning.} 57. Ne2 Ne6 58. Kd2 Nc5 59. Kc2 Nb3 60. Nc1 {Accuracy: White = 32%, Black = 55%.} 0-1

[Event "15th Paderborner Schachtuerken-Cup 2018"]
[Site "Paderborn"]
[Date "2018.12.28"]
[Round "2"]
[White "Hoffmann, Matthias"]
[Black "Zimmermann, Klemens"]
[Result "0-1"]
[WhiteElo "2019"]
[BlackElo "2282"]
[Annotator "NA"]
[PlyCount "80"]
[EventDate "2018.12.27"]
[EventType "swiss"]
[EventCountry "GER"]
[SourceTitle "playchess.com"]
[Source "ChessBase"]
[SourceQuality "1"]
[TimeControl "40/5400+30:900+30"]

1. e4 {[%emt 0:00:13]} c5 {[%emt 0:00:00]} 2. Nf3 {[%emt 0:00:27]} d6 {[%emt 0:00:00]} 3. d4 {[%emt 0:00:18]} cxd4 {[%emt 0:00:00]} 4. Nxd4 {[%emt 0:00:17]} Nf6 {[%emt 0:00:00]} 5. Nc3 {[%emt 0:00:29]} Nc6 {[%emt 0:00:00]} 6. h3 {[%emt 0:08:27]} g6 {[%emt 0:00:17]} 7. Be3 {[%emt 0:02:02]} Bg7 {[%emt 0:00:07]} 8. Qd2 {[%emt 0:08:43]} O-O {[%emt 0:03:41]} 9. O-O-O {[%emt 0:00:35]} Bd7 {[%emt 0:00:05]} 10. g4 {[%emt 0:02:27]} Rc8 {[%emt 0:10:08]} 11. Kb1 {[%emt 0:05:39]} Ne5 {[%emt 0:04:07]} 12. g5 {[%emt 0:08:45]} Ne8 {[%emt 0:01:04]} 13. f4 {[%emt 0:11:40]} Nc4 {[%emt 0:01:36]} 14. Bxc4 {[%emt 0:00:10]} Rxc4 {[%emt 0:00:01]} 15. e5 {[%emt 0:10:59]} dxe5 {[%emt 0:06:49]} 16. Ndb5 {[%emt 0:04:04]} exf4 {[%emt 0:07:49]} 17. Bxa7 {[%emt 0:00:40]} Nd6 {[%emt 0:05:24]} 18. Nxd6 {[%emt 0:04:38]} exd6 {[%emt 0:00:02]} 19. Qxd6 {[%emt 0:00:27]} Qa5 {[%emt 0:01:31]} 20. Bb6 {[%emt 0:09:58]} Qa6 {[%emt 0:00:10]} 21. Nd5 {[%emt 0:00:25]} Be6 {[%emt 0:22:19]} 22. b3 {[%emt 0:02:15]} Rxc2 {[%emt 0:08:40]} 23. Kxc2 {[%emt 0:09:54]} Qe2+ {[%emt 0:15:50]} 24. Rd2 {[%emt 0:01:42]} Qe4+ {[%emt 0:03:15]} 25. Rd3 {[%emt 0:02:53]} Qg2+ {[%emt 0:01:51]} 26. Kc1 {[%emt 0:02:38]} Qb2+ {[%emt 0:02:53]} 27. Kd1 {[%emt 0:00:06]} Qb1+ {[%emt 0:00:03]} 28. Ke2 {[%emt 0:00:33]} Qxh1 {[%emt 0:00:17]} 29. Ne7+ {[%emt 0:00:06]} Kh8 {[%emt 0:00:02]} 30. Bd4 {[%emt 0:00:16]} Qe4+ {[%emt 0:03:06]} 31. Kd2 {[%emt 0:00:46]} Re8 {[%emt 0:01:25]} 32. Bf6 {[%emt 0:02:15]} Bf5 {[%emt 0:01:14]} 33. Nxf5 {[%emt 0:00:37]} gxf5 {[%emt 0:00:47]} 34. Bxg7+ {[%emt 0:00:36]} Kxg7 {[%emt 0:00:02]} 35. Qf6+ {[%emt 0:00:07]} Kg8 {[%emt 0:00:01]} 36. Rd8 {[%emt 0:00:54]} f3 {[%emt 0:00:34]} 37. Rxe8+ {[%emt 0:00:55]} Qxe8 {[%emt 0:00:02]} 38. Qxf5 {[%emt 0:00:10]} Qe2+ {[%emt 0:00:33]} 39. Kc1 {[%emt 0:00:04]} Qe1+ {[%emt 0:00:14]} 40. Kc2 {[%emt 0:00:24]} f2 {[%emt 0:00:01]} 0-1

[Event "15th Paderborner Schachtuerken-Cup 2018"]
[Site "Paderborn"]
[Date "2018.12.28"]
[Round "3"]
[White "Gutman, Lev"]
[Black "Kruse, Janik"]
[Result "0-1"]
[WhiteElo "2422"]
[BlackElo "2127"]
[Annotator "ChessBase"]
[PlyCount "108"]
[EventDate "2018.12.27"]
[EventType "swiss"]
[EventCountry "GER"]
[SourceTitle "playchess.com"]
[Source "ChessBase"]
[SourceQuality "1"]
[TimeControl "40/5400+30:900+30"]

1. Nf3 {[%emt 0:00:00]} d5 {[%emt 0:00:00]} 2. g3 {[%emt 0:00:00]} c6 {[%emt 0:00:19]} 3. Bg2 {[%emt 0:00:00]} Bg4 {[%emt 0:00:45]} 4. O-O {[%emt 0:00:00]} Nd7 {[%emt 0:00:57]} 5. d3 {[%emt 0:04:39]} Ngf6 {[%emt 0:03:44]} 6. c4 {[%emt 0:00:24]} e6 {[%emt 0:04:22]} 7. Be3 {[%emt 0:00:28]} Bd6 {[%emt 0:10:24]} 8. Qb3 {[%emt 0:01:15]} Qb8 {[%emt 0:01:09]} 9. cxd5 {[%emt 0:12:02]} exd5 {[%emt 0:05:50]} 10. Bd4 {[%emt 0:01:01]} O-O {[%emt 0:01:47]} 11. Nc3 {[%emt 0:00:12]} Re8 {[%emt 0:05:36]} 12. Rac1 {[%emt 0:03:19]} h6 {[%emt 0:05:32]} 13. Rfe1 {[%emt 0:02:47]} Nh7 {[%emt 0:09:18]} 14. Na4 {[%emt 0:15:54]} Nhf8 {[%emt 0:06:46]} 15. Be3 {[%emt 0:08:47]} Ne6 {[%emt 0:05:08]} 16. d4 {[%emt 0:01:29]} Bf8 {[%emt 0:11:21]} 17. Qd3 {[%emt 0:07:34]} Bxf3 {[%emt 0:05:09]} 18. exf3 {[%emt 0:03:06]} Qd8 {[%emt 0:01:04]} 19. a3 {[%emt 0:03:18]} Qa5 {[%emt 0:06:19]} 20. Qd1 {[%emt 0:04:11]} Nb6 {[%emt 0:01:07]} 21. Nxb6 {[%emt 0:00:12]} axb6 {[%emt 0:01:15]} 22. f4 {[%emt 0:01:05]} Qa4 {[%emt 0:02:57]} 23. Qd3 {[%emt 0:04:17]} Qa6 {[%emt 0:00:46]} 24. Qb3 {[%emt 0:01:02]} b5 {[%emt 0:02:16]} 25. h4 {[%emt 0:00:36]} Qa4 {[%emt 0:01:07]} 26. Qd3 {[%emt 0:03:44]} b4 {[%emt 0:00:05]} 27. axb4 {[%emt 0:10:19]} Qxb4 {[%emt 0:02:30]} 28. f5 {[%emt 0:00:08]} Nc7 {[%emt 0:00:12]} 29. f6 {[%emt 0:02:27]} Ra2 {[%emt 0:01:19]} 30. b3 {[%emt 0:06:39]} Nb5 {[%emt 0:01:37]} 31. Red1 {[%emt 0:03:08]} Nd6 {[%emt 0:02:57]} 32. fxg7 {[%emt 0:00:07]} Bxg7 {[%emt 0:00:02]} 33. Bf4 {[%emt 0:00:17]} Ne4 {[%emt 0:00:38]} 34. Bxe4 {[%emt 0:00:14]} Rxe4 {[%emt 0:00:23]} 35. Be3 {[%emt 0:00:07]} Rb2 {[%emt 0:00:50]} 36. Rc3 {[%emt 0:00:00]} Qe7 {[%emt 0:01:41]} 37. Rc2 {[%emt 0:00:08]} Rxc2 {[%emt 0:00:10]} 38. Qxc2 {[%emt 0:00:01]} Qb4 {[%emt 0:00:16]} 39. Qd3 {[%emt 0:00:08]} Qe7 {[%emt 0:00:16]} 40. Kg2 {[%emt 0:00:04]} f5 {[%emt 0:01:22]} 41. Ra1 {[%emt 0:15:45]} Kh7 {[%emt 0:05:32]} 42. Ra8 {[%emt 0:00:00]} Bf6 {[%emt 0:02:03]} 43. Qd1 {[%emt 0:00:00]} Qg7 {[%emt 0:05:31]} 44. Qf3 {[%emt 0:00:00]} Qg4 {[%emt 0:01:27]} 45. Rb8 {[%emt 0:00:00]} Re7 {[%emt 0:00:05]} 46. Ra8 {[%emt 0:01:04]} Re4 {[%emt 0:00:35]} 47. Ra7 {[%emt 0:01:54]} Re7 {[%emt 0:00:30]} 48. Qxg4 {[%emt 0:01:54]} fxg4 {[%emt 0:00:02]} 49. Kf1 {[%emt 0:00:36]} Kg6 {[%emt 0:00:23]} 50. Ra4 {[%emt 0:00:33]} Re6 {[%emt 0:03:24]} 51. b4 {[%emt 0:00:52]} h5 {[%emt 0:00:54]} 52. Ra8 {[%emt 0:01:08]} Kf5 {[%emt 0:00:29]} 53. Rf8 {[%emt 0:00:39]} Kg6 {[%emt 0:00:29]} 54. Rb8 {[%emt 0:00:44]} Re7 {[%emt 0:00:02]} 0-1

[Event "15th Paderborner Schachtuerken-Cup 2018"]
[Site "Paderborn"]
[Date "2018.12.28"]
[Round "3"]
[White "Zimmermann, Klemens"]
[Black "Heinemann, Ernst"]
[Result "1/2-1/2"]
[WhiteElo "2282"]
[BlackElo "2072"]
[Annotator "NA"]
[PlyCount "49"]
[EventDate "2018.12.27"]
[EventType "swiss"]
[EventCountry "GER"]
[SourceTitle "playchess.com"]
[Source "ChessBase"]
[SourceQuality "1"]
[TimeControl "40/5400+30:900+30"]

1. d4 {[%emt 0:00:00]} Nf6 {[%emt 0:00:13]} 2. c4 {[%emt 0:00:00]} c5 {[%emt 0:00:07]} 3. d5 {[%emt 0:00:00]} b5 {[%emt 0:00:06]} 4. cxb5 {[%emt 0:00:00]} a6 {[%emt 0:00:08]} 5. bxa6 {[%emt 0:00:00]} e6 {[%emt 0:00:09]} 6. Nc3 {[%emt 0:01:37]} exd5 {[%emt 0:01:21]} 7. Nxd5 {[%emt 0:00:39]} Nxd5 {[%emt 0:00:08]} 8. Qxd5 {[%emt 0:00:05]} Nc6 {[%emt 0:00:08]} 9. Bd2 {[%emt 0:05:05]} Be7 {[%emt 0:03:34]} 10. Bc3 {[%emt 0:00:25]} O-O {[%emt 0:01:37]} 11. e3 {[%emt 0:00:49]} Qb6 {[%emt 0:03:58]} 12. a3 {[%emt 0:11:36]} d6 {[%emt 0:18:34]} 13. Bd3 {[%emt 0:00:36]} Bxa6 {[%emt 0:00:41]} 14. Rd1 {[%emt 0:01:44]} Bxd3 {[%emt 0:12:52]} 15. Rxd3 {[%emt 0:01:51]} Ne5 {[%emt 0:00:52]} 16. Rd2 {[%emt 0:04:38]} c4 {[%emt 0:04:16]} 17. Nf3 {[%emt 0:00:57]} Nd3+ {[%emt 0:02:24]} 18. Ke2 {[%emt 0:00:02]} Nc5 {[%emt 0:04:51]} 19. Qxc4 {[%emt 0:04:38]} Rac8 {[%emt 0:06:30]} 20. Rhd1 {[%emt 0:14:12]} Nb3 {[%emt 0:03:51]} 21. Qg4 {[%emt 0:04:10]} Rxc3 {[%emt 0:02:02]} 22. bxc3 {[%emt 0:03:44]} Nxd2 23. Nxd2 Qa6+ {[%emt 0:00:08]} 24. Qc4 {[%emt 0:00:02]} Qxa3 {[%emt 0:00:01]} 25. Qg4 {[%emt 0:01:32]} 1/2-1/2

[Event "15th Paderborner Schachtuerken-Cup 2018"]
[Site "Paderborn"]
[Date "2018.12.28"]
[Round "3"]
[White "Boehm, Juergen"]
[Black "Levin, Felix"]
[Result "0-1"]
[WhiteElo "2170"]
[BlackElo "2482"]
[Annotator "ChessBase"]
[PlyCount "106"]
[EventDate "2018.12.27"]
[EventType "swiss"]
[EventCountry "GER"]
[SourceTitle "playchess.com"]
[Source "ChessBase"]
[SourceQuality "1"]
[TimeControl "40/5400+30:900+30"]

1. d4 {[%emt 0:03:33]} Nf6 {[%emt 0:00:01]} 2. Bg5 {[%emt 0:00:19]} c5 {[%emt 0:00:19]} 3. Nc3 {[%emt 0:01:19]} cxd4 {[%emt 0:00:11]} 4. Qxd4 {[%emt 0:00:07]} Nc6 {[%emt 0:00:27]} 5. Qh4 {[%emt 0:00:05]} d6 {[%emt 0:00:58]} 6. e4 {[%emt 0:01:02]} Bd7 {[%emt 0:00:44]} 7. Bd3 {[%emt 0:28:50]} h6 {[%emt 0:07:24]} 8. Nge2 {[%emt 0:08:18]} Rg8 {[%emt 0:01:17]} 9. Bd2 {[%emt 0:01:51]} g5 {[%emt 0:02:47]} 10. Qg3 {[%emt 0:00:10]} Ne5 {[%emt 0:01:08]} 11. f3 {[%emt 0:03:48]} a6 {[%emt 0:14:54]} 12. Qf2 {[%emt 0:01:35]} b5 {[%emt 0:10:44]} 13. a3 {[%emt 0:01:32]} Qc7 {[%emt 0:01:39]} 14. g4 {[%emt 0:09:05]} e6 {[%emt 0:01:03]} 15. h3 {[%emt 0:08:12]} Bc6 {[%emt 0:12:40]} 16. Rf1 {[%emt 0:01:26]} Nfd7 {[%emt 0:03:56]} 17. Rd1 {[%emt 0:08:40]} Be7 {[%emt 0:04:06]} 18. Nd4 {[%emt 0:03:47]} Ng6 {[%emt 0:09:07]} 19. Nxc6 {[%emt 0:02:10]} Qxc6 {[%emt 0:00:07]} 20. Ne2 {[%emt 0:00:31]} Nde5 {[%emt 0:03:34]} 21. Bc3 {[%emt 0:02:18]} Bd8 {[%emt 0:01:44]} 22. Bd4 {[%emt 0:08:41]} Rb8 {[%emt 0:01:33]} 23. Be3 {[%emt 0:00:53]} Bb6 {[%emt 0:05:18]} 24. Bxb6 {[%emt 0:00:26]} Qxb6 {[%emt 0:00:23]} 25. Qxb6 {[%emt 0:00:20]} Rxb6 {[%emt 0:00:08]} 26. f4 {[%emt 0:01:24]} Nxf4 {[%emt 0:00:19]} 27. Nxf4 {[%emt 0:00:06]} gxf4 {[%emt 0:00:05]} 28. Rxf4 {[%emt 0:00:10]} Ke7 {[%emt 0:01:11]} 29. Be2 {[%emt 0:01:46]} Rg5 {[%emt 0:03:05]} 30. Kd2 {[%emt 0:00:51]} Ng6 {[%emt 0:06:01]} 31. Rf2 {[%emt 0:00:05]} e5 {[%emt 0:00:33]} 32. h4 {[%emt 0:01:57]} Nxh4 {[%emt 0:00:09]} 33. Rh2 {[%emt 0:00:04]} Ng6 {[%emt 0:00:10]} 34. Rxh6 {[%emt 0:00:11]} Nf4 {[%emt 0:00:45]} 35. Bf3 {[%emt 0:00:08]} Ne6 {[%emt 0:01:26]} 36. c3 {[%emt 0:00:26]} Rb8 {[%emt 0:03:52]} 37. Kc2 {[%emt 0:00:41]} Rg6 {[%emt 0:01:14]} 38. Rh5 {[%emt 0:00:31]} Ng5 {[%emt 0:02:04]} 39. Bg2 {[%emt 0:00:09]} Ne6 {[%emt 0:00:39]} 40. Bf3 {[%emt 0:00:04]} Rbg8 {[%emt 0:00:50]} 41. Rh4 {[%emt 0:03:53]} Rf6 {[%emt 0:00:32]} 42. Rd3 {[%emt 0:08:51]} Rf4 {[%emt 0:06:21]} 43. Re3 {[%emt 0:01:39]} Ng5 {[%emt 0:00:28]} 44. Bh1 {[%emt 0:00:23]} Rf2+ {[%emt 0:01:36]} 45. Kb3 {[%emt 0:03:14]} a5 {[%emt 0:02:56]} 46. Re1 {[%emt 0:01:43]} Ne6 {[%emt 0:00:39]} 47. Ka2 {[%emt 0:00:43]} Nc5 {[%emt 0:00:12]} 48. Rb1 {[%emt 0:00:32]} Na4 {[%emt 0:01:46]} 49. Kb3 {[%emt 0:00:07]} Nc5+ {[%emt 0:01:16]} 50. Ka2 {[%emt 0:00:04]} b4 {[%emt 0:00:14]} 51. Rh3 {[%emt 0:00:59]} b3+ {[%emt 0:00:37]} 52. Ka1 {[%emt 0:00:04]} Rxg4 {[%emt 0:00:05]} 53. Re3 {[%emt 0:01:11]} Rgf4 {[%emt 0:01:11]} 0-1

[Event "15th Paderborner Schachtuerken-Cup 2018"]
[Site "Paderborn"]
[Date "2018.12.28"]
[Round "3"]
[White "Steinle, Carsten"]
[Black "Skembris, Spyridon"]
[Result "0-1"]
[WhiteElo "2154"]
[BlackElo "2384"]
[Annotator "NA"]
[PlyCount "81"]
[EventDate "2018.12.27"]
[EventType "swiss"]
[EventCountry "GER"]
[SourceTitle "playchess.com"]
[Source "ChessBase"]
[SourceQuality "1"]
[TimeControl "40/5400+30:900+30"]

1. b3 {[%emt 0:00:00]} e5 {[%emt 0:02:20]} 2. Bb2 {[%emt 0:00:15]} Nc6 {[%emt 0:01:08]} 3. e3 {[%emt 0:03:57]} d6 {[%emt 0:02:32]} 4. Nf3 {[%emt 0:02:57]} Nf6 {[%emt 0:00:59]} 5. c4 {[%emt 0:01:01]} g6 {[%emt 0:00:29]} 6. d4 {[%emt 0:00:23]} Bg7 {[%emt 0:01:58]} 7. Nc3 {[%emt 0:02:27]} exd4 {[%emt 0:14:04]} 8. Nxd4 {[%emt 0:01:05]} O-O {[%emt 0:03:06]} 9. Be2 {[%emt 0:14:25]} Re8 {[%emt 0:08:29]} 10. Nxc6 {[%emt 0:07:21]} bxc6 {[%emt 0:00:04]} 11. Bf3 {[%emt 0:00:57]} Bd7 {[%emt 0:00:27]} 12. O-O {[%emt 0:02:31]} h5 {[%emt 0:00:34]} 13. Ne2 {[%emt 0:03:02]} a5 {[%emt 0:00:45]} 14. Qd4 {[%emt 0:02:52]} Bg4 {[%emt 0:12:23]} 15. Qf4 {[%emt 0:08:38]} Bxf3 {[%emt 0:03:57]} 16. Qxf3 {[%emt 0:00:30]} Ne4 {[%emt 0:00:59]} 17. Bxg7 {[%emt 0:00:54]} Kxg7 {[%emt 0:00:07]} 18. Rfd1 {[%emt 0:03:43]} c5 {[%emt 0:03:47]} 19. Rac1 {[%emt 0:05:32]} a4 {[%emt 0:02:14]} 20. Nc3 {[%emt 0:00:59]} Nxc3 {[%emt 0:00:19]} 21. Rxc3 {[%emt 0:00:10]} axb3 {[%emt 0:00:02]} 22. axb3 {[%emt 0:00:08]} Ra2 {[%emt 0:00:07]} 23. Rcd3 {[%emt 0:03:08]} Qa8 {[%emt 0:02:33]} 24. Qg3 {[%emt 0:06:46]} Qe4 {[%emt 0:06:00]} 25. f3 {[%emt 0:01:30]} Qf5 {[%emt 0:01:20]} 26. e4 {[%emt 0:08:06]} Qf6 {[%emt 0:00:12]} 27. Qe1 {[%emt 0:06:15]} Rea8 {[%emt 0:00:34]} 28. R3d2 {[%emt 0:05:28]} R8a3 {[%emt 0:01:31]} 29. Rb1 {[%emt 0:06:11]} Ra1 {[%emt 0:01:50]} 30. Rdd1 {[%emt 0:01:00]} Rxb1 {[%emt 0:00:26]} 31. Rxb1 {[%emt 0:00:01]} Ra2 {[%emt 0:00:11]} 32. h4 {[%emt 0:00:58]} Qd4+ {[%emt 0:01:00]} 33. Kh2 {[%emt 0:00:37]} Qd3 {[%emt 0:00:20]} 34. Qd1 {[%emt 0:00:43]} Rd2 {[%emt 0:01:35]} 35. Qe1 {[%emt 0:01:24]} Qc2 {[%emt 0:01:55]} 36. Qf1 {[%emt 0:01:08]} Rf2 {[%emt 0:01:43]} 37. Rc1 {[%emt 0:00:30]} Qd2 {[%emt 0:00:18]} 38. Qg1 {[%emt 0:00:48]} Rxf3 {[%emt 0:00:51]} 39. Qe1 {[%emt 0:00:34]} Qf4+ {[%emt 0:01:46]} 40. Kg1 {[%emt 0:00:34]} Rxb3 {[%emt 0:00:26]} 41. Ra1 {[%emt 0:00:45]} 0-1

[Event "15th Paderborner Schachtuerken-Cup 2018"]
[Site "Paderborn"]
[Date "2018.12.28"]
[Round "3"]
[White "Sanati, Charlotte"]
[Black "Ackermann, Hans Werner"]
[Result "1/2-1/2"]
[WhiteElo "2090"]
[BlackElo "2275"]
[Annotator "NA"]
[PlyCount "87"]
[EventDate "2018.12.27"]
[EventType "swiss"]
[EventCountry "GER"]
[SourceTitle "playchess.com"]
[Source "ChessBase"]
[SourceQuality "1"]
[TimeControl "40/5400+30:900+30"]

1. d4 {[%emt 0:00:00]} d6 {[%emt 0:03:02]} 2. c4 {[%emt 0:00:00]} e5 {[%emt 0:00:05]} 3. Nf3 {[%emt 0:00:58]} exd4 {[%emt 0:02:44]} 4. Nxd4 {[%emt 0:01:27]} g6 {[%emt 0:00:18] A41: 1 d4 d6: Tartakower System and Modern Defence} 5. Nc3 {[%emt 0:01:30]} Bg7 {[%emt 0:00:17]} 6. e3 {[%emt 0:04:09]} (6. g3 Nc6 7. Nxc6 bxc6 8. Bg2 Ne7 9. O-O O-O 10. Bg5 Rb8 11. Qd2 f6 12. Be3 c5 13. Rad1 Be6 14. b3 Nf5 15. Bd5 Qd7 16. Bf4 g5 17. Qd3 Rf7 18. Bc1 Re8 19. e3 Bxd5 20. Nxd5 {0-1 (42) Van Wely,L (2691)-Ernst,S (2552) Wolvega 2012}) 6... Nf6 {[%emt 0:04:22]} 7. Be2 {[%emt 0:00:58]} O-O {[%emt 0:03:58]} 8. O-O {[%emt 0:00:29] N} Nbd7 {[%emt 0:02:20]} 9. Qc2 {[%emt 0:03:04]} c6 {[%emt 0:13:38]} 10. b3 {[%emt 0:07:56]} Qe7 $146 {[%emt 0:00:56]} ({Predecessor:} 10... Nb6 11. Bb2 Qe7 12. Rad1 d5 13. cxd5 Nfxd5 14. Bf3 Rd8 15. Rfe1 Nb4 16. Qb1 c5 17. Ndb5 {½-½ (30) Nevanlinna,R (2258)-Tuominen,R (2283) Finland 2018}) 11. Bb2 {[%emt 0:03:24]} Re8 {[%emt 0:08:00]} 12. Rad1 {[%emt 0:06:03]} Nb6 {[%emt 0:05:10]} 13. h3 {[%emt 0:10:54]} d5 {[%emt 0:16:40]} 14. cxd5 {[%emt 0:08:53]} Nfxd5 {[%emt 0:01:04]} 15. Bf3 {[%emt 0:05:27]} Nf6 {[%emt 0:04:22]} 16. Rfe1 {[%emt 0:02:36]} Nfd7 {[%emt 0:02:17]} 17. Be2 {[%emt 0:16:49]} Nf8 {[%emt 0:02:27]} 18. a4 {[%emt 0:05:20]} a5 {[%emt 0:03:16]} 19. Rd2 {[%emt 0:02:05]} (19. Qc1 $14) 19... Ne6 {[%emt 0:03:25]} 20. Nf3 {[%emt 0:01:28]} Nc7 {[%emt 0:00:22]} 21. Red1 {[%emt 0:01:42]} Ncd5 {[%emt 0:05:03]} 22. Nxd5 {[%emt 0:01:49]} Nxd5 {[%emt 0:00:56]} 23. Bxg7 {[%emt 0:01:24]} Kxg7 {[%emt 0:00:07]} 24. Qb2+ {[%emt 0:00:19]} Qf6 {[%emt 0:00:11]} 25. Nd4 {[%emt 0:03:28]} Kg8 {[%emt 0:07:48]} 26. Bc4 {[%emt 0:01:47]} Nb6 {[%emt 0:00:25]} 27. Be2 {[%emt 0:00:41]} Be6 {[%emt 0:08:14]} 28. Nxe6 {[%emt 0:02:31] Qxb} Qxb2 $1 {[%emt 0:00:07]} 29. Rxb2 {[%emt 0:00:06] Rxe} Rxe6 {[%emt 0:00:09]} 30. Rbd2 {[%emt 0:00:36]} Kf8 {[%emt 0:00:09]} 31. Bf3 {[%emt 0:00:54]} Ree8 {[%emt 0:01:22]} 32. Rd4 {[%emt 0:00:56]} h5 {[%emt 0:00:53]} 33. Kf1 {[%emt 0:00:15]} Re5 {[%emt 0:00:26]} 34. Ke2 {[%emt 0:02:24]} Ke7 {[%emt 0:00:10]} 35. g3 $11 {[%emt 0:00:36]} Rc5 {[%emt 0:00:17]} 36. R1d3 {[%emt 0:00:56]} Rc2+ {[%emt 0:00:24]} 37. Rd2 {[%emt 0:01:43]} Rxd2+ {[%emt 0:00:22]} 38. Kxd2 {[%emt 0:00:09]} Rd8 {[%emt 0:01:50]} 39. Kc3 {[%emt 0:00:36]} Rxd4 {[%emt 0:00:12]} 40. Kxd4 {[%emt 0:00:12]} Kd6 {[%emt 0:00:05]} 41. Be2 {[%emt 0:17:10]} Nd7 {[%emt 0:08:35]} 42. f4 {[%emt 0:00:00]} b6 {[%emt 0:02:17]} 43. Bc4 {[%emt 0:00:00]} Ke7 {[%emt 0:00:18]} 44. e4 {[%emt 0:00:00]} 1/2-1/2

[Event "15th Paderborner Schachtuerken-Cup 2018"]
[Site "Paderborn"]
[Date "2018.12.28"]
[Round "4"]
[White "Levin, Felix"]
[Black "Meessen, Max"]
[Result "1-0"]
[WhiteElo "2482"]
[BlackElo "2208"]
[Annotator "ChessBase"]
[PlyCount "67"]
[EventDate "2018.12.27"]
[EventType "swiss"]
[EventCountry "GER"]
[SourceTitle "playchess.com"]
[Source "ChessBase"]
[SourceQuality "1"]
[TimeControl "40/5400+30:900+30"]

1. d4 {[%emt 0:02:00]} d5 {[%emt 0:00:00]} 2. c4 {[%emt 0:00:13]} e6 {[%emt 0:00:00]} 3. Nf3 {[%emt 0:00:07]} Nf6 {[%emt 0:00:00]} 4. g3 {[%emt 0:00:15]} dxc4 {[%emt 0:00:33]} 5. Bg2 {[%emt 0:00:24]} Bb4+ {[%emt 0:00:07]} 6. Bd2 {[%emt 0:00:15]} a5 {[%emt 0:00:09]} 7. a3 {[%emt 0:00:32]} Bxd2+ {[%emt 0:00:13]} 8. Nbxd2 {[%emt 0:00:12]} b5 {[%emt 0:00:42]} 9. b3 {[%emt 0:00:09]} cxb3 {[%emt 0:02:06]} 10. Qxb3 {[%emt 0:01:14]} c6 {[%emt 0:03:44]} 11. O-O {[%emt 0:01:02]} O-O {[%emt 0:00:28]} 12. Rfc1 {[%emt 0:00:35]} Bb7 {[%emt 0:15:03]} 13. Qb2 {[%emt 0:00:21]} Qe7 {[%emt 0:05:38]} 14. Ne5 {[%emt 0:01:14]} Rc8 {[%emt 0:03:55]} 15. Nb3 {[%emt 0:02:42]} Nfd7 {[%emt 0:06:39]} 16. Nd3 {[%emt 0:15:12]} Qd8 {[%emt 0:09:10]} 17. Rc2 {[%emt 0:14:46]} Na6 {[%emt 0:06:28]} 18. Rac1 {[%emt 0:01:54]} Qb6 {[%emt 0:05:25]} 19. h4 {[%emt 0:07:25]} Rab8 {[%emt 0:04:00]} 20. h5 {[%emt 0:06:16]} h6 {[%emt 0:00:13]} 21. Nbc5 {[%emt 0:02:38]} Naxc5 {[%emt 0:02:33]} 22. Nxc5 {[%emt 0:00:11]} Nxc5 {[%emt 0:00:43]} 23. Rxc5 {[%emt 0:00:05]} Qd8 {[%emt 0:04:57]} 24. e3 {[%emt 0:00:44]} Ba8 {[%emt 0:10:52]} 25. Qb3 {[%emt 0:01:11]} Bb7 {[%emt 0:05:26]} 26. Be4 {[%emt 0:00:41]} Ra8 {[%emt 0:06:18]} 27. f4 {[%emt 0:03:54]} Qe7 {[%emt 0:01:16]} 28. Bb1 {[%emt 0:00:21]} Rd8 {[%emt 0:01:01]} 29. Qc2 {[%emt 0:01:14]} Qf6 {[%emt 0:02:26]} 30. Rxb5 {[%emt 0:05:57]} cxb5 {[%emt 0:04:24]} 31. Qh7+ {[%emt 0:00:13]} Kf8 {[%emt 0:00:00]} 32. Rc7 {[%emt 0:00:08]} g6 {[%emt 0:00:27]} 33. hxg6 {[%emt 0:03:09]} fxg6 {[%emt 0:00:18]} 34. Bxg6 {[%emt 0:00:14]} 1-0